| 000 | 01215nam a22001937a 4500 | ||
|---|---|---|---|
| 999 |
_c113912 _d113912 |
||
| 003 | OSt | ||
| 005 | 20200910122252.0 | ||
| 008 | 190725b2010 ||||| |||| 00| 0 eng | ||
| 020 | _a9788125024705 | ||
| 040 | _cnls | ||
| 082 | _a791.4309 KUP | ||
| 100 | _aKupsc Jarek | ||
| 245 | _aThe history of cinema for beginners | ||
| 260 |
_aHyderabad _bOrient BlackSwan _c2010 |
||
| 300 | _aHB | ||
| 505 | _aAbout this Item: Orient BlackSwan, New Delhi, India, 2003. Paperback. Condition: New. Jarek Kup (illustrator). Reprint. The documentary comic books of the For Beginners series deal with complex and serious subjects. They attempt to untimidate and uncomplicate the great ideas and work of great thinkers. The movements and concepts dealt with are placed in their historical, political and intellectual contexts. The books are painstakingly researched, humourouly written and enlivened with classic comic-strip illustrations, photographs, paintings, etc. The range of subjects covered is truly vast and varied Malcom X and the New Age guru Castenanda, Shakespeare and Foucault, Jewish Holocaust and Arab and Israel, Structuralism and Biology. Printed Pages: 380 | ||
| 600 | _aMotion Pictures | ||
| 942 |
_2ddc _cBK |
||